00000000nam##2200000za#4500
0019.576473
003CaOODSP
00520210624185144
007cr |||||||||||
008150406|1984||||xxc|||||o    f|0| 0 eng|d
040 |aCaOODSP|beng
043 |an-cn---
0861 |aFs97-13/428E-PDF
1101 |aCanada. |bDepartment of Fisheries and Oceans.
24510|aHerring tag returns in British Columbia for the 1982-83 herring season / |h[electronic resource]|cby C.W. Haegele and L. Hop Wo.
260 |aNanaimo - British Columbia : |bFisheries and Oceans Canada |c1984.
300 |a54p.|breferences, tables
4901 |aCanadian data report of fisheries and aquatic sciences|vNo. 428
500 |aOn t.p.: Pacific Biological Station, Nanaimo, British Columbia. Catalogue number of the print edition appears in the PDF version.
546 |a(Résumé en français)
590 |a13-13-Supp|b2013-05-21
7201 |aHop Wo, L.
7201 |aHaegele, C. W.
830#0|aCanadian data report of fisheries and aquatic sciences ;|vNo. 428|w(CaOODSP)9.505124
85640|ahttp://publications.gc.ca|qPDF|s756 KB|uhttps://publications.gc.ca/collections/collection_2013/mpo-dfo/Fs97-13-428-eng.pdf|yNo. 428